Novelas brasileiras mais vendidas no mundo - Statistics

Estatísticas Gerais
  • Esse quiz foi jogado 84 vezes
  • A pontuação média é 5 de 10
Estatísticas das Respostas
DATA Horário NOVELA % Correto
26 de Março de 2012 / 19 de Outubro de 2012 Novela das 09 Avenida Brasil
96%
19 de Janeiro de 2009 / 11 de Setembro de 2009 Novela das 08 Caminho das Índias
63%
01 de Outubro de 2001/ 14 de Junho de 2002 Novela das 08 O Clone
62%
21 de Julho de 2014 / 13 de Março de 2015 Novela das 09 Império
49%
05 de Junho de 2000 / 02 de Fevereiro de 2001 Novela das 08 Laços de Familía
45%
26 de Janeiro de 2004 / 28 de Agosto de 2004 Novela das 07 Da Cor do Pecado
40%
17 de maio de 2010 / 14 de Janeiro de 2011 Novela das 08 Passione
36%
09 de Novembro de 2015 / 30 de Maio de 2016 Novela das 07 Totalmente Demais
30%
17 de Janeiro de 2011 / 19 de Agosto de 2011 Novela das 08 Insensato coração
29%
26 de Setembro de 2011 / 02 de Março de 2012 Novela das 06 A Vida da Gente
23%
Nenhum quiz correspondente encontrado
Distribuição das Pontuações
Porcentagem de Pessoas com Cada Pontuação
Percentil de Números Respondidos
Sua Pontuação Histórica
Você não jogou esse quiz